000 00442nam a2200133Ia 4500
005 20260326235442.0
008 260326s9999||||xx |||||||||||||| ||und||
100 _aTarchópulos S, Doris
245 0 _aPatrones Urbanísticos y Arquitectónicos :
_b En la Vivienda dirigidas a sectores de bajos ingresos en Bogotá /
_cDoris Tarchópulos S
260 _bPontificia Universidad Javeriana
300 _a219 p.
650 _aURBANISMO
942 _cBK
999 _c7445
_d7445